LIBRARY & INFORMATION CENTRE, KCAET, TAVANUR

ONLINE PUBLIC ACCESS CATALOGUE (OPAC)

Socialist Thozhil, Civil, Criminal Niyamangalude Rooparekha / (Record no. 6168)

MARC details
000 -LEADER
fixed length control field 00375cam a2200133ua 4500
082 ## - DEWEY DECIMAL CLASSIFICATION NUMBER
Classification number 335
Item number SMO/SO
100 ## - MAIN ENTRY--AUTHOR NAME
Personal name Smolyarchuk, V .
245 ## - TITLE STATEMENT
Title Socialist Thozhil, Civil, Criminal Niyamangalude Rooparekha /
260 ## - PUBLICATION, DISTRIBUTION, ETC. (IMPRINT)
Place of publication Thrissur :
Name of publisher Current Books ,
Year of publication 1967.
300 ## - PHYSICAL DESCRIPTION
Number of Pages 199 ; .
700 1# - ADDED ENTRY--PERSONAL NAME
Personal name Borovikov, N .
700 1# - ADDED ENTRY--PERSONAL NAME
Personal name Zagorodnikov, N .
942 ## - ADDED ENTRY ELEMENTS (KOHA)
Koha item type Books
Holdings
Withdrawn status Lost status Damaged status Home library Current library Date acquired Full call number Accession Number Koha item type
Withdrawn     KAUAET Sanskrit University 07/04/2012 335 10287 Books
free website counter